000 01094nam a22003257a 4500
003 CHAP
005 20220329134838.0
008 971013s1984 r 10010 d
010 _a26854
011 _a27826
035 _a31927
040 _cCHAP
082 _a631.7
_bC68r 1984
111 0 0 _aCongreso Internacional de Riego y Drenaje (
_n12
_d: 1984
_c: Fort Collins, Colo)
_926797
245 _aGeneral reports
260 _aNew Delhi :
_bThe Commission,
_c1984?
300 _ac.a. 100 p.
590 _aBATCH-UPD
_b10
_c20130110
_lUCH01
_h0054
590 _aBATCH-UPD
_b10
_c20130110
_lUCH01
_h1613
590 _aBATCH-UPD
_b10
_c20130409
_lUCH01
_h2042
590 _aBATCH-UPD
_b10
_c20130410
_lUCH01
_h1008
590 _aBATCH-UPD
_b10
_c20130914
_lUCH01
_h1017
590 _aCONVERSION
_b10
_c20130109
_lUCH01
_h1315
650 1 4 _aDrenaje
_xCongresos.
_934197
650 1 4 _aIrrigación
_xCongresos.
_960390
710 0 _aComisión Internacional de Irrigación y Drenaje.
_925741
901 _aBK
942 _cLIBRO
949 _a631.7 C68r 1984
_bBC
_cLIBRO
_d33724000165221
_eLIBRO
_h71292
_i31927
_si
999 _c26854
_d26854